000 00858nam a2200277 i 4500
001 000012862
003 DO-SdBNP
005 20240530073915.0
007 ta
008 091118t1969 dr 001 f spa d
040 _aDO-SdBNP
_bspa
_cBNPHU
_erda
082 4 _aRD863.44
_bP349m
_222
100 1 _aPeña, Gustavo
_929742
_eautor
245 1 0 _aMirador /
_cGustavo Peña ; prólogo, Virgilio Hoepelman.
264 _aSanto Domingo :
_bArte y Cine,
_c1969.
300 _a180 páginas ;
_c23 cm.
336 _2rdacontent
_atexto
_btxt
337 _2rdamedia
_asin mediación
_bn
338 _2rdacarrier
_avolumen
_bnc
590 _aInventariado, 2020/MAA
650 0 _aNovela dominicana
_9223
650 0 _aLiteratura dominicana.
_967
700 1 _aHoepelman, Virgilio,
_epról.
_911257
910 _aValidado. Control de calidad EMS.
942 _2ddc
_cLBS1
999 _c12510
_d12510